| 000 | 00478nam a2200193Ia 4500 | ||
|---|---|---|---|
| 008 | 170203s9999 xx 000 0 und d | ||
| 020 | _a9628882813 | ||
| 050 | _a912 | ||
| 050 | _bD847t 2005 | ||
| 100 | _aMorgan, Ben. | ||
| 245 | _aTropical grasslands / | ||
| 245 | _cBen Morgan. | ||
| 650 | _aEcology. | ||
| 650 | _aGrassland ecology -- Tropics -- | ||
| 650 | _aGrassland ecology. | ||
| 650 | _aGrasslands. | ||
| 650 | _aTropics. | ||
| 650 | _xJuvenile literature. | ||
| 999 |
_c305767 _d305767 |
||